书目信息 |
| 题名: |
柏林:一座城市的肖像
|
|
| 作者: | 麦克林 著 ;傅敬民 译 | |
| 分册: | ||
| 出版信息: | 上海 上海文艺出版社 2017 |
|
| 页数: | 456页 | |
| 开本: | 23cm | |
| 丛书名: | 读城系列 | |
| 单 册: | ||
| 中图分类: | K516.9 | |
| 科图分类: | ||
| 主题词: | 城市史--cheng shi shi--柏林 | |
| 电子资源: | ||
| ISBN: | 978-7-5321-6236-9 | |
| 000 | 01125nam 2200313 450 | |
| 001 | BPC170615279 | |
| 005 | 20170602150540.17 | |
| 010 | @a978-7-5321-6236-9@b精装@dCNY78.00 | |
| 100 | @a20170511d2017 em y0chiy50 ea | |
| 101 | 1 | @achi@ceng |
| 102 | @aCN@b310000 | |
| 105 | @aa z 001yy | |
| 106 | @ar | |
| 200 | 1 | @a柏林:一座城市的肖像@Abo lin:yi zuo cheng shi de xiao xiang@f(英) 罗里·麦克林著@d= Berlin: imagine a city@fRory MacLean@g傅敬民译@zeng |
| 210 | @a上海@c上海文艺出版社@d2017 | |
| 215 | @a456页@c图@d23cm | |
| 225 | 2 | @a读城系列@Adu cheng xi lie |
| 300 | @a获得2015年上海文化发展基金图书出版专项基金 | |
| 320 | @a有索引 | |
| 330 | @a本书内容包括:康拉德·冯·科林和真爱;科林·奥尔巴尼与演员们;玫瑰人生;刘疯哈和他的枪;伊尔丝·菲利普斯,在另一个柏林等内容。 | |
| 410 | 0 | @12001 @a读城系列 |
| 500 | 10 | @aBerlin : imagine a city@mChinese |
| 606 | 0 | @a城市史@Acheng shi shi@y柏林 |
| 690 | @aK516.9@v5 | |
| 701 | 1 | @a麦克林@Amai ke lin@g(Maclean, Rory)@4著 |
| 702 | 0 | @a傅敬民@Afu jing min@4译 |
| 801 | 0 | @aCN@bMUSE@c20181206@g |
| 905 | @aBZT@dK516.9@e1 | |
| 906 | @dCNY78.00@n3@r1 | |
| 柏林:一座城市的肖像/(英) 罗里·麦克林著= Berlin: imagine a city/Rory MacLean/傅敬民译.-上海:上海文艺出版社,2017 |
| 456页:图;23cm.-(读城系列) |
| 获得2015年上海文化发展基金图书出版专项基金 |
| ISBN 978-7-5321-6236-9(精装):CNY78.00 |
| 本书内容包括:康拉德·冯·科林和真爱;科林·奥尔巴尼与演员们;玫瑰人生;刘疯哈和他的枪;伊尔丝·菲利普斯,在另一个柏林等内容。 |
| ● |
| 相关链接 |
|
|
|
正题名:柏林:一座城市的肖像
索取号:K516.9/1
 
预约/预借
| 序号 | 登录号 | 条形码 | 馆藏地/架位号 | 状态 | 备注 |
| 1 | 857406 | 2000857406 | 第二书库/ [索取号:K516.9/1] | 在馆 | |
| 2 | 857407 | 2000857407 | 第二书库/ [索取号:K516.9/1] | 在馆 | |
| 3 | 857408 | 2000857408 | 第二书库/ [索取号:K516.9/1] | 在馆 |